It's who you know : how a network of 12 key people can fast-track your success /

Bibliographic Details
Main Author: Garner, Janine, (Author)
Format: eBook
Language:English
Published: Melbourne, [Australia] : Wiley, 2017.
Subjects:
Online Access:Click to View
LEADER 01753nam a2200433 i 4500
001 EBC4856140
003 MiAaPQ
005 20200520144314.0
006 m o d |
007 cr cnu||||||||
008 170528t20172017at o 001 0 eng d
020 |z 9780730336846 
020 |a 9780730336853  |q (electronic bk.) 
035 |a (MiAaPQ)EBC4856140 
035 |a (Au-PeEL)EBL4856140 
035 |a (CaPaEBR)ebr11382765 
035 |a (CaONFJC)MIL1009579 
035 |a (OCoLC)964346945 
040 |a MiAaPQ  |b eng  |e rda  |e pn  |c MiAaPQ  |d MiAaPQ 
050 4 |a HF5381  |b .G376 2017 
082 0 |a 650.1  |2 23 
100 1 |a Garner, Janine,  |e author. 
245 1 0 |a It's who you know :  |b how a network of 12 key people can fast-track your success /  |c Janine Garner. 
264 1 |a Melbourne, [Australia] :  |b Wiley,  |c 2017. 
264 4 |c 2017 
300 |a 1 online resource (208 pages) 
336 |a text  |2 rdacontent 
337 |a computer  |2 rdamedia 
338 |a online resource  |2 rdacarrier 
500 |a Includes index. 
588 |a Description based on online resource; title from PDF title page (ebrary, viewed May 28, 2017). 
590 |a Electronic reproduction. Ann Arbor, MI : ProQuest, 2016. Available via World Wide Web. Access may be limited to ProQuest affiliated libraries. 
650 0 |a Career development. 
650 0 |a Strategic planning. 
650 0 |a Success in business. 
655 4 |a Electronic books. 
776 0 8 |i Print version:  |a Garner, Janine.  |t It's who you know : how a network of 12 key people can fast-track your success.  |d Melbourne, [Australia] : Wiley, c2017   |h xxiv, 182 pages   |z 9780730336846 
797 2 |a ProQuest (Firm) 
856 4 0 |u https://ebookcentral.proquest.com/lib/matrademy/detail.action?docID=4856140  |z Click to View